Πανελλήνιο ιστορικό συνέδριο (ΚΓ' 24, 25, 26 Μαϊου 2002) : πρακτικά
Saved in:
| Corporate Author: | |
|---|---|
| Format: | Book |
| Language: | Greek |
| Published: |
Θεσσαλονίκη :
Ελληνική Ιστορική Εταιρεία,
2003
|
| Subjects: | |
| Tags: |
Add Tag
No Tags, Be the first to tag this record!
|
MARC
| LEADER | 00000cam a2200000 i 4500 | ||
|---|---|---|---|
| 001 | 1/50229 | ||
| 008 | 040308s2003 gre d | ||
| 035 | |l 10072547 | ||
| 040 | |a GR-MY-UA |b gre |e aacr | ||
| 041 | 0 | |a gre | |
| 082 | 0 | |a 938 | |
| 110 | 2 | |a Πανελλήνιο ιστορικό συνέδριο. | |
| 245 | 1 | 0 | |a Πανελλήνιο ιστορικό συνέδριο (ΚΓ' 24, 25, 26 Μαϊου 2002) : |b πρακτικά |
| 260 | |a Θεσσαλονίκη : |b Ελληνική Ιστορική Εταιρεία, |c 2003 | ||
| 300 | |a 661 σ. | ||
| 651 | 0 | |a Greece |x History |x Congresses. | |
| 852 | |a INST |b RHODES |e 20040308 |h 938 ΠΑΝ |p 005400019995 |q 005400019995 |t BK |y 0 | ||
| 901 | |a BIBL4-2004-1 | ||
| 909 | |a Ρ |b 104910 | ||
| 970 | |a ΚΟΥΛΑΚΙΟΤΗ |b ΛΙΤΣΑ |z 2004/03/08 | ||